000 00680nam a2200229 i 4500
001 141653
003 ES-MaACL
005 20250828023341.0
007 t|
008 070926s1965 sp ||||1| spa d
080 _a159.922.7
080 _a371.04-053.2
100 1 _aVimort, Jean.
_9115292
245 1 0 _aNuestros hijos y sus defectos /
_cJean Vimort ; [versión castellana de José Olivés].
260 _aBarcelona :
_bHerder,
_c1965.
300 _a194 p. ;
_c18 cm.
650 1 7 _aEducación de niños
_2embne
_912099
650 1 4 _aNiños-
_xPsicología.
_915554
700 1 _aOlives, José.
_986877
852 _aES-MaACL
_jC-28326
_bR.57551
999 _c141653
_d141653